Detalles MARC
| 000 -CABECERA |
| campo de control de longitud fija |
02458nam a2200277 a 4500 |
| 001 - NÚMERO DE CONTROL |
| campo de control |
000048851 |
| 003 - IDENTIFICADOR DEL NÚMERO DE CONTROL |
| campo de control |
DO-SdBNP |
| 005 - FECHA Y HORA DE LA ÚLTIMA TRANSACCIÓN |
| campo de control |
20250207142031.0 |
| 007 - CAMPO FIJO DE DESCRIPCIÓN FÍSICA--INFORMACIÓN GENERAL |
| campo de control de longitud fija |
ta |
| 008 - DATOS DE LONGITUD FIJA--INFORMACIÓN GENERAL |
| campo de control de longitud fija |
190422s2015 dr a 000 0 spa d |
| 020 ## - NÚMERO INTERNACIONAL ESTÁNDAR DEL LIBRO |
| Número Internacional Estándar del Libro |
9789945900446 |
| 040 ## - FUENTE DE LA CATALOGACIÓN |
| Centro catalogador/agencia de origen |
DO-SdBNP |
| Lengua de catalogación |
spa |
| Centro/agencia transcriptor |
BNPHU |
| 082 #4 - NÚMERO DE LA CLASIFICACIÓN DECIMAL DEWEY |
| Número de clasificación |
379.7293 |
| Número de documento/Ítem |
R426m |
| Número de edición |
22 |
| 110 1# - ENTRADA PRINCIPAL--NOMBRE DE ENTIDAD CORPORATIVA |
| Nombre de entidad corporativa o nombre de jurisdicción como elemento de entrada |
República Dominicana. |
| Unidad subordinada |
Ministerio de Educación Superior, Ciencia y Tecnogía, |
| 9 (RLIN) |
43100 |
| 245 10 - MENCIÓN DE TÍTULO |
| Título |
Metas Educativas : |
| Resto del título |
República Dominicana hacia el 2021 : primer informe nacional de seguimiento /. |
| Mención de responsabilidad, etc. |
autores, Luz Inmaculada Madera Soriano ; Rita Montes de Oca ; |
| 246 ## - FORMA VARIANTE DE TÍTULO |
| Título propio/Titulo breve |
Metas educativas 2021: República Dominicana hacia el 2021; primer informe nacional de seguimiento |
| 260 ## - PUBLICACIÓN, DISTRIBUCIÓN, ETC. |
| Lugar de publicación, distribución, etc. |
Santo Domingo : |
| Nombre del editor, distribuidor, etc. |
Ministerio de Educación Superior Ciencia y Tecnología ; |
| -- |
Organización de los Estados Ibero-Americanos |
| -- |
Organización de Estados Iberoamericanos para la Educación, la Ciencia y la Cultura |
| Fecha de publicación, distribución, etc. |
2015. |
| 300 ## - DESCRIPCIÓN FÍSICA |
| Extensión |
269 p. : |
| Otras características físicas |
il., gráfs., mapas ; |
| Dimensiones |
29 cm. |
| 504 ## - NOTA DE BIBLIOGRAFÍA, ETC. |
| Nota de bibliografía, etc. |
Bibliografía : p. 261 |
| 505 0# - NOTA DE CONTENIDO CON FORMATO |
| Nota de contenido con formato |
Presentación -- |
| Título |
Introducción -- |
| -- |
República Dominicana hacia el 2021 : significado y alcance del informe de seguimiento-- |
| -- |
Las Metas Educativas 2021 en tiempo y espacio: Antecedentes regionales y nacionales -- |
| -- |
República Dominicana hacia el 2021: Naturaleza y estructura del informe de seguimiento 2011-2013 -- |
| -- |
EL contexto de las metas educativas 2021 en la República Dominicana -- |
| -- |
La República Dominicana: demografía y desarrollo 2010-2013 -- |
| -- |
El Sistema Educativo Dominicano: dónde estamos situados -- |
| -- |
Hacia una educación dominicana de calidad: Un clima nacional a favor de las Metas Educativas 2021-- |
| -- |
República Dominicana hacia el 20121: Avances en el el cumplimiento de las metas educativas 2021 |
| -- |
Las eetas educativas, Indicadores y niveles de logro: Avances en el Sistema Educativo Dominicano al 2013 -- |
| -- |
Una mirada general acerca de los avances al 2013: Síntesis y reflexiones -- |
| -- |
Meta General Primera: Reforzar y ampliar la participación de la sociedad en acción educadora -- |
| -- |
Meta General Segunda: Lograr la igualdad educativa y superar toda forma de discriminación en la educación. |
| -- |
Bibliografía. |
| 590 ## - NOTA LOCAL (RLIN) |
| Nota local |
Invetnariado, 2019/VM |
| 650 #4 - PUNTO DE ACCESO ADICIONAL DE MATERIA--TÉRMINO DE MATERIA |
| Término de materia o nombre geográfico como elemento de entrada |
Política educativa |
| Subdivisión geográfica |
República Dominicana |
| 9 (RLIN) |
737 |
| Subdivisión cronológica |
2021 |
| 650 #4 - PUNTO DE ACCESO ADICIONAL DE MATERIA--TÉRMINO DE MATERIA |
| Término de materia o nombre geográfico como elemento de entrada |
Educación |
| Subdivisión geográfica |
República Dominicana |
| 9 (RLIN) |
737 |
| 710 2# - PUNTO DE ACCESO ADICIONAL--NOMBRE DE ENTIDAD CORPORATIVA |
| Nombre de entidad corporativa o nombre de jurisdicción como elemento de entrada |
Ministerio de Educación Superior Ciencia y Tecnología(República Dominicana) |
| 9 (RLIN) |
76298 |
| 942 ## - ELEMENTOS DE PUNTO DE ACCESO ADICIONAL (KOHA) |
| Fuente del sistema de clasificación o colocación |
Dewey Decimal Classification |
| Tipo de ítem Koha |
Libro |